[Event "GER-chB Seniors 26th"]
[Site "Bad Neuenahr"]
[Date "2014.08.12"]
[Round "8"]
[White "Becher, Helmut"]
[Black "Riegler, Markus"]
[Result "1-0"]
[WhiteElo "2072"]
[BlackElo "1804"]
[PlyCount "37"]
[EventDate "2014.08.05"]
[EventType "swiss"]
[EventRounds "9"]
[EventCountry "GER"]
[SourceTitle "EXT 2018"]
[Source "ChessBase"]
[SourceDate "2017.10.13"]
[SourceVersion "1"]
[SourceVersionDate "2017.10.13"]
[SourceQuality "1"]

1. e4 d5 2. exd5 Qxd5 3. Nc3 Qa5 4. d4 Nf6 5. Bc4 c6 6. Bd2 Qd8 7. Nf3 Bg4 8. Bxf7+ Kxf7 9. Ne5+ Kg8 10. Nxg4 Qxd4 11. Nxf6+ exf6 12. Qe2 Kf7 13. 0-0-0 Bd6 14. Rhe1 Rd8 15. Be3 Qb4 16. Qh5+ Kg8 17. Rd4 g6 18. Qf3 Qa5 19. Qxf6 1-0

[Event "GER-chB Seniors 26th"]
[Site "Bad Neuenahr"]
[Date "2014.08.09"]
[Round "5"]
[White "Duerr, Hanno"]
[Black "Becher, Helmut"]
[Result "0-1"]
[WhiteElo "1913"]
[BlackElo "2072"]
[PlyCount "144"]
[EventDate "2014.08.05"]
[EventType "swiss"]
[EventRounds "9"]
[EventCountry "GER"]
[SourceTitle "EXT 2018"]
[Source "ChessBase"]
[SourceDate "2017.10.13"]
[SourceVersion "1"]
[SourceVersionDate "2017.10.13"]
[SourceQuality "1"]

1. d4 d5 2. Nf3 Nf6 3. e3 Bf5 4. c4 c6 5. Nc3 e6 6. Ne5 Nbd7 7. g4 Bg6 8. cxd5 exd5 9. h4 h5 10. Nxg6 fxg6 11. g5 Ne4 12. Bd3 Bb4 13. Qb3 Bxc3+ 14. bxc3 Qb6 15. f3 Qxb3 16. axb3 Nxc3 17. Bxg6+ Kd8 18. Bd2 Nb5 19. 0-0 Kc7 20. Ra4 Nb6 21. Ba5 Kd6 22. Bb4+ Kc7 23. Raa1 Rad8 24. Bc5 a6 25. Rac1 Nd7 26. Bb4 Nf8 27. Bf5 g6 28. Bd3 Rg8 29. Rc2 Rd7 30. Bxf8 Rxf8 31. Bxg6 Rg7 32. Bd3 Re7 33. Kf2 Rfe8 34. Bg6 Rg8 35. Bxh5 Rh8 36. Bg4 Rxh4 37. Kg3 Rh8 38. Kf4 Rhe8 39. Re1 Nxd4 40. Rc3 Rf8+ 41. Kg3 Nb5 42. Rd3 Nd6 43. Rc1 Nf5+ 44. Kf2 Kd6 45. e4 Nh4 46. exd5 cxd5 47. Rcd1 Re5 48. f4 Rxf4+ 49. Bf3 Rxf3+ 50. Rxf3 Nxf3 51. Kxf3 Rxg5 52. Ke2 Rg3 53. Rb1 a5 54. Kd2 Kc5 55. Kc2 Kb4 56. Rd1 Rc3+ 57. Kb2 Rxb3+ 58. Ka2 Rh3 59. Rxd5 Rh2+ 60. Ka1 b5 61. Rd3 Ka4 62. Rg3 b4 63. Rf3 b3 64. Rf4+ Ka3 65. Rf1 Rh4 66. Kb1 a4 67. Rg1 Kb4 68. Kb2 a3+ 69. Ka1 a2 70. Kb2 Rh2+ 71. Ka1 Ka3 72. Rg2 Rh1+ 0-1

[Event "Bad Breisig op"]
[Site "Bad Breisig"]
[Date "2009.11.24"]
[Round "4"]
[White "Zirwes, Hans Juergen"]
[Black "Becher, Helmut"]
[Result "1-0"]
[WhiteElo "1933"]
[BlackElo "2117"]
[PlyCount "95"]
[EventDate "2009.11.21"]
[EventType "swiss"]
[EventRounds "9"]
[EventCountry "GER"]
[SourceTitle "EXT 2019"]
[Source "ChessBase"]
[SourceDate "2018.10.10"]
[SourceVersion "1"]
[SourceVersionDate "2018.10.10"]
[SourceQuality "1"]

1. d4 d5 2. Bf4 Bf5 3. Nf3 Nf6 4. e3 e6 5. c4 c6 6. Nc3 Nbd7 7. Qb3 Qb6 8. c5 Qxb3 9. axb3 a6 10. b4 Rc8 11. Be2 Be7 12. h3 0-0 13. Nd2 Rfe8 14. g4 Bg6 15. h4 h5 16. g5 Ne4 17. Ncxe4 dxe4 18. Bd1 Bd8 19. Nc4 Bc7 20. Bxc7 Rxc7 21. Nd6 Re7 22. Bb3 Kf8 23. Kd2 Bf5 24. Rhg1 g6 25. Bc4 Kg8 26. Kc3 Kh7 27. Raf1 Nf8 28. f3 exf3 29. Rxf3 Bg4 30. Rf2 Kg7 31. e4 Nd7 32. Rgf1 Nf8 33. Rf4 Nh7 34. Kd3 Nf8 35. R1f2 Nh7 36. Kc2 Nf8 37. Kb3 Nh7 38. Ka4 Nf8 39. Ka5 Nh7 40. Kb6 Nf8 41. Rxf7+ Rxf7 42. Rxf7+ Rxf7 43. Nxf7 Kxf7 44. Kxb7 Bf3 45. Bd3 Ke7 46. Kxc6 Kd8 47. Kd6 Bg4 48. e5 1-0

[Event "Bad Breisig op"]
[Site "Bad Breisig"]
[Date "2009.11.22"]
[Round "2"]
[White "Becher, Helmut"]
[Black "Buchaeckert, Juergen"]
[Result "0-1"]
[WhiteElo "2117"]
[BlackElo "1991"]
[PlyCount "58"]
[EventDate "2009.11.21"]
[EventType "swiss"]
[EventRounds "9"]
[EventCountry "GER"]
[SourceTitle "EXT 2019"]
[Source "ChessBase"]
[SourceDate "2018.10.10"]
[SourceVersion "1"]
[SourceVersionDate "2018.10.10"]
[SourceQuality "1"]

1. e4 c5 2. c3 d5 3. exd5 Qxd5 4. d4 Nc6 5. Nf3 Bg4 6. Be2 cxd4 7. cxd4 e6 8. Nc3 Bb4 9. 0-0 Qa5 10. Be3 Nge7 11. Qb3 0-0 12. a3 Bxc3 13. bxc3 Qc7 14. h3 Bh5 15. Rac1 Nd5 16. Bd2 Rab8 17. Rfe1 Nf4 18. Bxf4 Qxf4 19. Qc2 Rfc8 20. Qd2 Qxd2 21. Nxd2 Bxe2 22. Rxe2 Nxd4 23. Re4 Nb5 24. Nb1 Rc7 25. Kf1 Rbc8 26. Rb4 Nd6 27. Ke2 g6 28. Kd3 Nc4 29. Kc2 Nxa3+ 0-1

[Event "SVR-ch MAT-I 30th"]
[Site "Nickenich"]
[Date "2007.04.01"]
[Round "5"]
[White "Becher, Helmut"]
[Black "Nagel, Alexander"]
[Result "1-0"]
[WhiteElo "2146"]
[BlackElo "1736"]
[PlyCount "62"]
[EventDate "2007.03.30"]
[EventType "tourn"]
[EventRounds "9"]
[EventCountry "GER"]
[SourceTitle "EXT 2009"]
[Source "ChessBase"]
[SourceDate "2008.11.26"]
[SourceVersion "1"]
[SourceVersionDate "2008.11.26"]
[SourceQuality "1"]

1. e4 c5 2. c3 d5 3. exd5 Qxd5 4. d4 Nf6 5. Nf3 Nc6 6. Be3 Bg4 7. Be2 e6 8. dxc5 Qxd1+ 9. Bxd1 Nd5 10. b4 Nxe3 11. fxe3 a5 12. Ba4 axb4 13. Bxc6+ bxc6 14. cxb4 Bxf3 15. gxf3 Be7 16. a3 0-0 17. Ra2 Rfd8 18. Rd2 Bf6 19. Ke2 Kf8 20. Rhd1 Ke8 21. Rxd8+ Rxd8 22. Rxd8+ Kxd8 23. Kd3 Kc7 24. Nc3 h6 25. a4 g5 26. h3 Bg7 27. b5 cxb5 28. axb5 f5 29. e4 h5 30. exf5 exf5 31. Nd5+ Kb7 1-0

[Event "SVR-ch MAT-I 30th"]
[Site "Nickenich"]
[Date "2007.03.30"]
[Round "1"]
[White "Becher, Helmut"]
[Black "Schwertel, Johann"]
[Result "0-1"]
[WhiteElo "2146"]
[BlackElo "1970"]
[PlyCount "80"]
[EventDate "2007.03.30"]
[EventType "tourn"]
[EventRounds "9"]
[EventCountry "GER"]
[SourceTitle "EXT 2009"]
[Source "ChessBase"]
[SourceDate "2008.11.26"]
[SourceVersion "1"]
[SourceVersionDate "2008.11.26"]
[SourceQuality "1"]

1. e4 e6 2. d4 d5 3. e5 c5 4. c3 Nc6 5. Nf3 Nge7 6. Na3 cxd4 7. cxd4 Ng6 8. Nc2 Be7 9. Bd3 Qb6 10. 0-0 Bd7 11. g3 Rc8 12. b3 Nb4 13. Nxb4 Bxb4 14. Bb2 0-0 15. Kg2 Bc3 16. Bxc3 Rxc3 17. Qd2 Rfc8 18. Rfc1 Qc7 19. Rxc3 Qxc3 20. Qxc3 Rxc3 21. Rd1 a5 22. Ne1 Ne7 23. Kf1 Nc6 24. Bb5 Nxe5 25. Bxd7 Nxd7 26. Ke2 Nf6 27. f3 Nd7 28. Kd2 Rc7 29. Nd3 Nb6 30. Rc1 Rxc1 31. Kxc1 f6 32. f4 Kf7 33. Kd2 Ke7 34. Ke3 h5 35. Kf3 Kd6 36. Ke3 g6 37. a3 Nc8 38. b4 axb4 39. axb4 b6 40. b5 Ne7 0-1

[Event "SVR-ch MTB 29th"]
[Site "Koblenz"]
[Date "2006.04.09"]
[Round "4"]
[White "Becher, Helmut"]
[Black "Scholtes, Benedikt"]
[Result "1/2-1/2"]
[WhiteElo "2168"]
[BlackElo "1723"]
[PlyCount "43"]
[EventDate "2006.04.07"]
[EventType "tourn"]
[EventRounds "9"]
[EventCountry "GER"]
[SourceTitle "EXT 2009"]
[Source "ChessBase"]
[SourceDate "2008.11.26"]
[SourceVersion "1"]
[SourceVersionDate "2008.11.26"]
[SourceQuality "1"]

1. e4 d5 2. exd5 Nf6 3. d4 Nxd5 4. c4 Nf6 5. Nf3 Bg4 6. Be2 e6 7. 0-0 Be7 8. Nc3 0-0 9. Qb3 b6 10. h3 Bh5 11. Bg5 Nbd7 12. Rad1 h6 13. Bh4 c6 14. Rfe1 Qc7 15. Ne5 Bxe2 16. Rxe2 Rfe8 17. Nxd7 Nxd7 18. Bxe7 Rxe7 19. Qc2 Nf6 20. Ne4 Nxe4 21. Qxe4 Rd8 22. Red2 1/2-1/2

[Event "SVR-ch MTB 29th"]
[Site "Koblenz"]
[Date "2006.04.08"]
[Round "3"]
[White "Dany, Alexander"]
[Black "Becher, Helmut"]
[Result "1-0"]
[WhiteElo "1966"]
[BlackElo "2168"]
[PlyCount "63"]
[EventDate "2006.04.07"]
[EventType "tourn"]
[EventRounds "9"]
[EventCountry "GER"]
[SourceTitle "EXT 2009"]
[Source "ChessBase"]
[SourceDate "2008.11.26"]
[SourceVersion "1"]
[SourceVersionDate "2008.11.26"]
[SourceQuality "1"]

1. e4 c5 2. Nf3 e6 3. d4 cxd4 4. Nxd4 Nf6 5. Nc3 d6 6. Be3 a6 7. Be2 Nc6 8. 0-0 Be7 9. f4 Qc7 10. Bf3 0-0 11. Kh1 Nxd4 12. Qxd4 e5 13. Qd2 b5 14. Nd5 Nxd5 15. exd5 Bf6 16. c3 exf4 17. Bxf4 Bb7 18. Rac1 Rfe8 19. b3 Be5 20. c4 Bxf4 21. Qxf4 bxc4 22. bxc4 Qc5 23. Bh5 Rf8 24. Bxf7+ Kh8 25. Qe4 Qc7 26. Be6 Qe7 27. Qd3 Rxf1+ 28. Rxf1 Rf8 29. Kg1 Rxf1+ 30. Qxf1 Qf6 31. Qxf6 gxf6 32. c5 1-0

[Event "Rheinland-ch MAT-II 28th"]
[Site "Trier"]
[Date "2005.??.??"]
[Round "1"]
[White "Becher, Helmut"]
[Black "Simon, Peter1"]
[Result "1-0"]
[WhiteElo "2165"]
[BlackElo "1935"]
[PlyCount "47"]
[EventDate "2005.03.??"]
[EventType "tourn"]
[EventRounds "9"]
[EventCountry "GER"]
[SourceTitle "EXT 2009"]
[Source "ChessBase"]
[SourceDate "2008.11.26"]
[SourceVersion "1"]
[SourceVersionDate "2008.11.26"]
[SourceQuality "1"]

1. e4 e5 2. Nf3 Nc6 3. Bb5 a6 4. Bxc6 dxc6 5. 0-0 Qd6 6. d3 Bd7 7. Be3 0-0-0 8. Nbd2 f6 9. Qe2 h5 10. Rfb1 g5 11. b4 h4 12. a4 g4 13. Nc4 Qe6 14. Nfd2 Bh6 15. Nb3 Ne7 16. Nc5 Qg8 17. Nxd7 Kxd7 18. b5 axb5 19. axb5 Bxe3 20. Nxe3 g3 21. fxg3 hxg3 22. h3 Qe6 23. bxc6+ Kxc6 24. Ra7 1-0

[Event "Rheinland-ch MAT-II 28th"]
[Site "Trier"]
[Date "2005.??.??"]
[Round "2"]
[White "Ehlen, Ralf"]
[Black "Becher, Helmut"]
[Result "0-1"]
[WhiteElo "1735"]
[BlackElo "2165"]
[PlyCount "101"]
[EventDate "2005.03.??"]
[EventType "tourn"]
[EventRounds "9"]
[EventCountry "GER"]
[SourceTitle "EXT 2009"]
[Source "ChessBase"]
[SourceDate "2008.11.26"]
[SourceVersion "1"]
[SourceVersionDate "2008.11.26"]
[SourceQuality "1"]

1. e4 c5 2. Nf3 e6 3. d4 cxd4 4. Nxd4 Nf6 5. Bd3 Nc6 6. Nf3 d5 7. exd5 Nxd5 8. 0-0 Be7 9. Bd2 0-0 10. Nc3 Bf6 11. Rb1 Nxc3 12. bxc3 b6 13. c4 Qd6 14. Be3 Rd8 15. Be4 Ba6 16. Bf4 Qc5 17. Qc1 Rac8 18. Be3 Qxc4 19. Bd3 Qa4 20. Bxa6 Qxa6 21. a3 Ne7 22. Rb3 Qc4 23. Bg5 Qxc2 24. Qxc2 Rxc2 25. Bxf6 gxf6 26. a4 Ra2 27. Rb4 Rd5 28. h3 Ra5 29. Rd1 R2xa4 30. Rd8+ Kg7 31. Rb3 Rd5 32. Re8 Ng6 33. Rc3 Rd7 34. Rcc8 Rb7 35. g4 b5 36. g5 fxg5 37. Nxg5 h6 38. Rg8+ Kf6 39. Nh7+ Kf5 40. Rc5+ e5 41. Rc6 Rf4 42. Rg7 Nh4 43. Rxh6 b4 44. Rg5+ Ke4 45. Nf6+ Rxf6 46. Rxh4+ Rf4 47. Rhh5 f5 48. Rg3 b3 49. Re3+ Kd5 50. Re1 b2 51. Rh8 0-1

[Event "Troisdorf op"]
[Site "Troisdorf"]
[Date "2004.12.07"]
[Round "6"]
[White "Smit, Hendrik"]
[Black "Becher, Helmut"]
[Result "1-0"]
[WhiteElo "1518"]
[BlackElo "1865"]
[PlyCount "35"]
[EventDate "2004.11.02"]
[EventType "swiss"]
[EventRounds "7"]
[EventCountry "GER"]
[SourceTitle "EXT 2006"]
[Source "ChessBase"]
[SourceDate "2005.11.24"]
[SourceVersion "1"]
[SourceVersionDate "2005.11.24"]
[SourceQuality "1"]

1. Nf3 d5 2. d4 Nf6 3. c4 g6 4. Nc3 Bg7 5. Bf4 0-0 6. e3 c5 7. h3 Nc6 8. Rc1 dxc4 9. d5 Na5 10. e4 a6 11. e5 Nd7 12. Be2 b5 13. 0-0 Bb7 14. Qd2 Nb6 15. Rfd1 Qd7 16. Ne4 b4 17. Nxc5 Qxd5 18. Qxb4 1-0

[Event "Troisdorf op"]
[Site "Troisdorf"]
[Date "2004.11.30"]
[Round "5"]
[White "Becher, Helmut"]
[Black "Vossen, Klaus"]
[Result "0-1"]
[WhiteElo "1865"]
[BlackElo "2065"]
[PlyCount "100"]
[EventDate "2004.11.02"]
[EventType "swiss"]
[EventRounds "7"]
[EventCountry "GER"]
[SourceTitle "EXT 2006"]
[Source "ChessBase"]
[SourceDate "2005.11.24"]
[SourceVersion "1"]
[SourceVersionDate "2005.11.24"]
[SourceQuality "1"]

1. e4 c5 2. c3 d5 3. exd5 Qxd5 4. d4 Nf6 5. Nf3 e6 6. Be3 cxd4 7. cxd4 Nc6 8. Nc3 Qd6 9. a3 Be7 10. Bd3 0-0 11. 0-0 Rd8 12. Qe2 Bd7 13. Rad1 Be8 14. Bb1 a6 15. Bg5 g6 16. Rfe1 Nd5 17. Ne4 Qb8 18. h4 Kg7 19. Bxe7 Ncxe7 20. Ng3 Qf4 21. Bd3 Nc6 22. Qe4 Qxe4 23. Bxe4 Nf6 24. Bxc6 Bxc6 25. Ne5 Ba4 26. Rd2 Rac8 27. Ne2 Rd6 28. f3 Nd5 29. Kf2 Ne7 30. g3 f6 31. Ng4 Rcd8 32. f4 Nf5 33. Nh2 Bc6 34. Red1 h5 35. Nf3 Kf7 36. Rd3 Ke7 37. R3d2 Be4 38. Ne1 Bc6 39. Nf3 R6d7 40. Ne1 e5 41. fxe5 fxe5 42. Nf3 Bxf3 43. Kxf3 exd4 44. Nf4 Kf6 45. Ne2 Rd6 46. Ke4 Ne3 47. Rc1 Re8+ 48. Kd3 Nf5 49. Rc4 b5 50. Rb4 Re3+ 0-1

[Event "Troisdorf op"]
[Site "Troisdorf"]
[Date "2004.11.16"]
[Round "3"]
[White "Dieterle, Robert"]
[Black "Becher, Helmut"]
[Result "1/2-1/2"]
[WhiteElo "1756"]
[BlackElo "1865"]
[PlyCount "55"]
[EventDate "2004.11.02"]
[EventType "swiss"]
[EventRounds "7"]
[EventCountry "GER"]
[SourceTitle "EXT 2006"]
[Source "ChessBase"]
[SourceDate "2005.11.24"]
[SourceVersion "1"]
[SourceVersionDate "2005.11.24"]
[SourceQuality "1"]

1. d4 Nf6 2. c4 c5 3. e3 g6 4. Nc3 Bg7 5. Nf3 0-0 6. Bd3 d5 7. 0-0 Nc6 8. cxd5 Nxd5 9. Nxd5 Qxd5 10. e4 Qd6 11. d5 Nd4 12. Nxd4 Bxd4 13. Bh6 Rd8 14. Qe2 e6 15. Bc4 exd5 16. Bxd5 Rb8 17. Qf3 Be6 18. Bf4 Be5 19. Bxe5 Qxe5 20. Bxe6 Qxe6 21. Qc3 Qxe4 22. Qxc5 b6 23. Qc7 Qb7 24. Qf4 Rd5 25. Rac1 Rc8 26. Rxc8+ Qxc8 27. Rc1 Qd7 28. g3 1/2-1/2

[Event "Troisdorf op"]
[Site "Troisdorf"]
[Date "2004.11.02"]
[Round "1"]
[White "Becher, Helmut"]
[Black "Froehling, Ewald"]
[Result "1-0"]
[WhiteElo "1865"]
[BlackElo "1452"]
[PlyCount "72"]
[EventDate "2004.11.02"]
[EventType "swiss"]
[EventRounds "7"]
[EventCountry "GER"]
[SourceTitle "EXT 2006"]
[Source "ChessBase"]
[SourceDate "2005.11.24"]
[SourceVersion "1"]
[SourceVersionDate "2005.11.24"]
[SourceQuality "1"]

1. e4 d6 2. d4 Nf6 3. Nc3 g6 4. Nf3 Bg7 5. Be2 0-0 6. 0-0 c6 7. a4 a5 8. h3 Qc7 9. Be3 Nbd7 10. Qd2 b6 11. Rfe1 Ba6 12. Bh6 Bxe2 13. Rxe2 e5 14. Rd1 exd4 15. Nxd4 Nc5 16. Bxg7 Kxg7 17. Qf4 Rfe8 18. Nf5+ Kh8 19. Nxd6 Re6 20. e5 Nh5 21. Qxf7 Re7 22. Qc4 Rf8 23. g3 Re6 24. Rde1 Qe7 25. Qg4 Nd7 26. Nc4 Qf7 27. Qd4 c5 28. Qd2 Ng7 29. Nd6 Qf3 30. Qe3 Qc6 31. Qe4 Qc7 32. Nd5 Qd8 33. f4 Nf5 34. Nxf5 Rxf5 35. Qc4 Qf8 36. Ne3 b5 1-0

[Event "SVR-ch MAT-A"]
[Site "Hoehr-Grenzhausen"]
[Date "2004.??.??"]
[Round "?"]
[White "Becher, Helmut"]
[Black "Hardt, Bernd"]
[Result "1/2-1/2"]
[WhiteElo "2185"]
[BlackElo "1810"]
[PlyCount "84"]
[EventDate "2004.??.??"]
[EventType "tourn"]
[EventRounds "9"]
[EventCountry "GER"]
[SourceTitle "EXT 2009"]
[Source "ChessBase"]
[SourceDate "2008.11.26"]
[SourceVersion "1"]
[SourceVersionDate "2008.11.26"]
[SourceQuality "1"]

1. e4 c5 2. c3 Nf6 3. e5 Nd5 4. d4 cxd4 5. cxd4 e6 6. Nf3 d6 7. a3 Bd7 8. Bd3 Bc6 9. 0-0 Be7 10. Qe2 Nb6 11. Re1 N8d7 12. Nc3 dxe5 13. dxe5 Qc7 14. Bf4 Nd5 15. Nxd5 Bxd5 16. Rac1 Qd8 17. Bb1 0-0 18. Qd3 g6 19. Bh6 Re8 20. Qe3 Bxf3 21. Qxf3 Bg5 22. Bxg5 Qxg5 23. Rc7 Rad8 24. g3 Qd2 25. Kf1 Qxb2 26. Rxb7 Qd4 27. Kg2 Qc5 28. Re3 Rf8 29. Qf4 Nb6 30. Rf3 Rd7 31. Rxd7 Nxd7 32. Re3 Nb6 33. Ba2 Nd5 34. Bxd5 Qxd5+ 35. Kh3 Qd1 36. Rf3 Qf1+ 37. Kh4 Qb5 38. Qe3 Qd7 39. Qg5 Rc8 40. Qf6 Qd8 41. Rb3 Qc7 42. Rf3 h6 1/2-1/2

[Event "SVR-ch MAT-A"]
[Site "Hoehr-Grenzhausen"]
[Date "2004.??.??"]
[Round "?"]
[White "Becher, Helmut"]
[Black "Kohlei, Rolf"]
[Result "0-1"]
[WhiteElo "2185"]
[BlackElo "2095"]
[PlyCount "76"]
[EventDate "2004.??.??"]
[EventType "tourn"]
[EventRounds "9"]
[EventCountry "GER"]
[SourceTitle "EXT 2009"]
[Source "ChessBase"]
[SourceDate "2008.11.26"]
[SourceVersion "1"]
[SourceVersionDate "2008.11.26"]
[SourceQuality "1"]

1. e4 g6 2. d4 Bg7 3. Nc3 d6 4. Nf3 c6 5. Be2 Nd7 6. a4 Qc7 7. 0-0 Ngf6 8. b3 0-0 9. Be3 e5 10. Qd2 Re8 11. dxe5 dxe5 12. Rfd1 Bf8 13. Bc4 Nc5 14. Ng5 Ne6 15. Nxe6 Bxe6 16. Bxe6 Rxe6 17. Qe2 Bb4 18. Na2 Be7 19. f3 b6 20. Qc4 Rd8 21. Nc3 Ne8 22. Rxd8 Bxd8 23. Rd1 Rd6 24. Rxd6 Nxd6 25. Qd3 Be7 26. b4 Nb7 27. b5 Bc5 28. Kf2 Bxe3+ 29. Qxe3 cxb5 30. axb5 Qc4 31. Qd3 Qc5+ 32. Kf1 Nd6 33. Nd5 Qxb5 34. Qxb5 Nxb5 35. Ke2 Kf8 36. Nf6 Ke7 37. Nxh7 f6 38. g4 Nd4+ 0-1

[Event "SVR-ch MAT-A"]
[Site "Hoehr-Grenzhausen"]
[Date "2004.??.??"]
[Round "?"]
[White "Becher, Helmut"]
[Black "Ries, Werner"]
[Result "1-0"]
[WhiteElo "2185"]
[BlackElo "1785"]
[PlyCount "39"]
[EventDate "2004.??.??"]
[EventType "tourn"]
[EventRounds "9"]
[EventCountry "GER"]
[SourceTitle "EXT 2009"]
[Source "ChessBase"]
[SourceDate "2008.11.26"]
[SourceVersion "1"]
[SourceVersionDate "2008.11.26"]
[SourceQuality "1"]

1. e4 d5 2. exd5 Qxd5 3. Nc3 Qa5 4. d4 Nf6 5. Bc4 Bg4 6. f3 Bf5 7. g4 Bg6 8. Qe2 c6 9. Bd2 e6 10. 0-0-0 Nbd7 11. h4 h5 12. g5 Ng8 13. d5 cxd5 14. Nxd5 Qd8 15. Nh3 Ne7 16. Nxe7 Bxe7 17. Nf4 Bf5 18. g6 e5 19. Bxf7+ Kf8 20. Ne6+ 1-0

[Event "SVR-ch MAT-A"]
[Site "Hoehr-Grenzhausen"]
[Date "2004.??.??"]
[Round "?"]
[White "Reifenroether, Michael"]
[Black "Becher, Helmut"]
[Result "1-0"]
[WhiteElo "1850"]
[BlackElo "2185"]
[PlyCount "103"]
[EventDate "2004.??.??"]
[EventType "tourn"]
[EventRounds "9"]
[EventCountry "GER"]
[SourceTitle "EXT 2009"]
[Source "ChessBase"]
[SourceDate "2008.11.26"]
[SourceVersion "1"]
[SourceVersionDate "2008.11.26"]
[SourceQuality "1"]

1. e4 c5 2. Nf3 d6 3. d3 Nf6 4. g3 Nc6 5. Bg2 g6 6. 0-0 Bg7 7. c4 0-0 8. Nc3 Rb8 9. Be3 a6 10. a4 h6 11. Qd2 Ng4 12. h3 Nxe3 13. fxe3 Bd7 14. Kh2 Na5 15. Ra3 Nc6 16. d4 Qa5 17. Rd1 Rfd8 18. Nd5 Qxd2 19. Rxd2 e6 20. Nb6 Be8 21. Ra1 Kf8 22. Rad1 Ke7 23. e5 cxd4 24. exd4 dxe5 25. d5 exd5 26. cxd5 Nb4 27. d6+ Ke6 28. d7 Ke7 29. dxe8Q+ Kxe8 30. Rxd8+ Rxd8 31. Rxd8+ Kxd8 32. Nd2 Kc7 33. Nd5+ Nxd5 34. Bxd5 f5 35. Bf7 g5 36. Bg6 f4 37. g4 e4 38. Bxe4 Bxb2 39. Kg2 b5 40. axb5 axb5 41. Kf3 Kd6 42. Ke2 Bc3 43. Nb3 Bf6 44. Kd3 b4 45. Kc4 Bc3 46. Nc5 Ke5 47. Bf3 Bd2 48. Nd3+ Kd6 49. Nxb4 Bxb4 50. Kxb4 h5 51. Kc4 Ke6 52. Kc5 1-0

[Event "SVR-ch MAT-A"]
[Site "Hoehr-Grenzhausen"]
[Date "2004.??.??"]
[Round "?"]
[White "Schmitz, Nico"]
[Black "Becher, Helmut"]
[Result "0-1"]
[WhiteElo "1935"]
[BlackElo "2185"]
[PlyCount "86"]
[EventDate "2004.??.??"]
[EventType "tourn"]
[EventRounds "9"]
[EventCountry "GER"]
[SourceTitle "EXT 2009"]
[Source "ChessBase"]
[SourceDate "2008.11.26"]
[SourceVersion "1"]
[SourceVersionDate "2008.11.26"]
[SourceQuality "1"]

1. e4 c5 2. f4 e6 3. Nf3 d5 4. e5 Nh6 5. Be2 Nf5 6. c3 h5 7. d4 Bd7 8. Bd3 g6 9. Qe2 Nc6 10. Be3 Qb6 11. Bxf5 gxf5 12. Qf2 c4 13. Ng5 h4 14. Bc1 Be7 15. Nd2 Bxg5 16. fxg5 Ne7 17. Nf3 Ng6 18. g3 hxg3 19. Qxg3 0-0-0 20. Rb1 Qa6 21. a3 Ba4 22. Qf2 Bb3 23. Qe2 Rh7 24. Be3 Qa4 25. Rc1 Rdh8 26. Qg2 f4 27. Bg1 Rh3 28. Kd2 Qb5 29. Bf2 Ba4 30. Rb1 Bb3 31. Rbc1 Qe8 32. Ke1 Qg8 33. Nd2 Qh7 34. Nxb3 cxb3 35. c4 dxc4 36. Rxc4+ Kb8 37. Rb4 f3 38. Qf1 Ne7 39. Qa6 Qb1+ 40. Kd2 Qxb2+ 41. Ke3 Nd5+ 42. Ke4 Qc2+ 43. Qd3 R8h4+ 0-1

[Event "Bad Breisig op"]
[Site "Bad Breisig"]
[Date "2002.??.??"]
[Round "8"]
[White "Becher, Helmut"]
[Black "Noettger, Eckard"]
[Result "1/2-1/2"]
[WhiteElo "2213"]
[BlackElo "1763"]
[PlyCount "48"]
[EventDate "2002.??.??"]
[EventType "swiss"]
[EventRounds "9"]
[EventCountry "GER"]
[SourceTitle "EXT 2006"]
[Source "ChessBase"]
[SourceDate "2005.11.24"]
[SourceVersion "1"]
[SourceVersionDate "2005.11.24"]
[SourceQuality "1"]

1. e4 c5 2. Nc3 Nc6 3. f4 d6 4. Nf3 a6 5. d3 e6 6. g3 Be7 7. Bg2 Qc7 8. 0-0 Rb8 9. a4 Nf6 10. h3 b6 11. g4 Bb7 12. f5 Nd4 13. Ne2 Nxf3+ 14. Bxf3 0-0 15. g5 Nd7 16. fxe6 fxe6 17. Nf4 d5 18. Bg2 Qd6 19. Qg4 dxe4 20. dxe4 Bxe4 21. Rd1 Ne5 22. Qxe6+ Qxe6 23. Nxe6 Nf3+ 24. Bxf3 Rxf3 1/2-1/2

[Event "Bad Breisig op"]
[Site "Bad Breisig"]
[Date "2001.??.??"]
[Round "7"]
[White "Weber, Gerhard"]
[Black "Becher, Helmut"]
[Result "0-1"]
[WhiteElo "2132"]
[BlackElo "2207"]
[PlyCount "116"]
[EventDate "2001.10.??"]
[EventType "swiss"]
[EventRounds "9"]
[EventCountry "GER"]
[SourceTitle "CBM 085 Extra"]
[Source "ChessBase"]
[SourceDate "2002.01.21"]
[SourceVersion "1"]
[SourceVersionDate "2002.01.21"]
[SourceQuality "1"]

1. e4 c5 2. Nf3 Nf6 3. e5 Nd5 4. c4 Nc7 5. d4 cxd4 6. Nxd4 Nc6 7. Nxc6 bxc6 8. Nc3 g6 9. Be2 Bg7 10. f4 0-0 11. 0-0 d6 12. exd6 Qxd6 13. Be3 Qb4 14. Qb3 a5 15. Na4 Ne6 16. Nb6 Rb8 17. Nxc8 Rfxc8 18. Rfb1 a4 19. Qxb4 Rxb4 20. a3 Rxb2 21. Rxb2 Bxb2 22. Ra2 Bd4 23. Kf2 c5 24. Bd1 Ra8 25. Kf3 f5 26. g3 Kf7 27. Kf2 Kf6 28. Bf3 Ra6 29. Ke2 Rb6 30. Bd5 Rb3 31. Bf2 Bxf2 32. Kxf2 Nd4 33. h4 e5 34. fxe5+ Kxe5 35. Bg8 h6 36. Bf7 Rc3 37. Bxg6 Kf6 38. Be8 Rxc4 39. Rb2 Rc2+ 40. Rxc2 Nxc2 41. Bxa4 Nxa3 42. Ke3 Nc4+ 43. Kf4 Nb6 44. Bc2 Nd5+ 45. Kf3 c4 46. Ba4 Ke5 47. g4 fxg4+ 48. Kxg4 Kf6 49. Kf3 Kg6 50. Be8+ Kf5 51. Bd7+ Ke5 52. Be8 c3 53. Ke2 Kd4 54. Ba4 Nf4+ 55. Kf3 Ne6 56. Bc2 h5 57. Bf5 Ke5 58. Bg6 c2 0-1

[Event "Oberliga Sued W 9798"]
[Site "Germany"]
[Date "1998.??.??"]
[Round "?"]
[White "Becher, Helmut"]
[Black "Behling, Robert"]
[Result "1/2-1/2"]
[WhiteElo "2295"]
[BlackElo "2245"]
[PlyCount "86"]
[EventDate "1997.10.??"]
[EventType "team-tourn"]
[EventRounds "9"]
[EventCountry "GER"]
[SourceTitle "EXT 2000"]
[Source "ChessBase"]
[SourceDate "1999.11.16"]
[SourceVersion "1"]
[SourceVersionDate "1999.11.16"]
[SourceQuality "1"]

1. e4 c6 2. d4 d5 3. Nd2 dxe4 4. Nxe4 Bf5 5. Nc5 e5 6. Nxb7 Qb6 7. Nc5 exd4 8. Nb3 Bb4+ 9. Bd2 Nd7 10. Bxb4 Qxb4+ 11. Qd2 Qxd2+ 12. Kxd2 c5 13. Bb5 Rc8 14. Nf3 Ngf6 15. Rhe1+ Kd8 16. Bxd7 Nxd7 17. Ne5 Be6 18. Nxd7 Kxd7 19. c3 Rc7 20. cxd4 Bxb3 21. axb3 Rb8 22. Re3 c4 23. Rf3 Ke6 24. bxc4 Rxb2+ 25. Kc3 Rcb7 26. Ra6+ Ke7 27. d5 R7b3+ 28. Kd4 Rxf3 29. Rxa7+ Kf6 30. gxf3 Rxf2 31. c5 Rxh2 32. c6 Rc2 33. Ra3 Rd2+ 34. Ke4 Rc2 35. Kd3 Rc5 36. Kd4 Rc1 37. Rc3 Rxc3 38. Kxc3 Ke7 39. Kd4 Kd6 40. Ke4 h5 41. f4 g6 42. Kf3 f6 43. Kg3 f5 1/2-1/2